000 00910nam a22002297a 4500
999 _c15136
_d15136
003 OSt
082 _2631.75807 AKA/DE
088 _aP 200
100 _aAKARSH A
_93601
245 _aDesign and construction of an economic type large capacity roof water storage for household consumption
260 _aTavanur 2009
_bKelappaji College of Agricultural Engineering and Technology
300 _a72
500 _aDesign and construction of an economic type large capacity roof water storage for household consumption
520 _aDesign and construction of an economic type large capacity roof water storage for household consumption
700 _aKiran V. S
_93602
700 _aNeethu S
_93603
700 _aRasmi V. K
_93604
700 _aSuman George
_93605
700 _aEr. Renukakumari J (Guide)
_93384
856 _uhttps://drive.google.com/open?id=1P3q28FO0_3643yDJ6rSRoGvgk1e_tz6y
942 _cPR